01438nam a2200337 a 4500001001000000003000500010005001700015008004100032010001100073011001100084040000900095090001000104100004200114245020400156260004100360500006000401502009500461590004100556590004000597590004000637650006600677650004900743650003700792650004500829856007000874901000700944942001000951942000600961999001900967952011400986000115758CHAP20220329144547.0190702s2019 mx a |sm |||||||spa d a112219 a113191 cCHAP aTesis1 aCastillejos López, Yutzill.913635910aAnálisis de la participación del programa prospera en las condiciones alimenticias de familias rurales en cuatro comunidades del Estado de Veracruzh[En línea]cpor Yutzill Castillejos López. aChapingo, Méx. :bEl autor,c2019. aPara ver el contenido del material haga clic en la liga aTesis (M.C. en Desarrollo Rural Regional) -- UACH. Dirección General de Control Regional aBATCH-UPDb05c20190702lUCH01h1212 aE6339RRRb05c20190702lUCH01h1211 aE6339RRRb05c20190702lUCH01h121114aAlimentaciónxProgramas de desarolloxEvaluación.913135914aComunidades ruralesxAlimentación.913136014aPobreza ruralzVeracruz.913564514aVeracruzxPolítica y gobierno.9118818 aFinding aiduhttp://10.13.5.2/tesis/sist115758.pdfzTeclea aquí aBK cTESIS n0 c112219d112219 00102local40718TESISaBCbBCd2019-07-02fTESISl0oTesisp115768-10r2019-12-31 00:00:00w2019-07-02yCD